Statistiques concernant 15 principaux pays touchés par Covid-19 - 25 août

Cliquez ici pour prendre le quiz!

Statistiques générales

  • Ce quiz a été pris 17 fois
  • Le résultat moyen est 9 sur 25

Statistiques - réponses

pays% Correct
Etats-Unis
94%
Mexique
76%
Inde
71%
Brésil
59%
Espagne
59%
Royaume-Uni
59%
Argentine
53%
Russie
53%
Chili
47%
Chili
47%
Colombie
41%
Pérou
41%
Afrique du Sud
35%
Bangladesh
29%
Bolivie
24%
Iran
24%
Arabie Saoudite
18%
Israël
18%
Koweït
18%
Oman
18%
Arménie
12%
Singapour
12%
Bahreïn
6%
Panama
6%
Qatar
6%

Distribution des résultats

Percentile par nombre de réponses

% des personnes avec chaque résultat

Votre développement - résultats

Vous n’avez pas pris ce quiz